Chemistry : The Study of Matter and Its Changes /

Gespeichert in:
Bibliographische Detailangaben
Hauptverfasser: Brady, James E (Verfasst von), Holum, John R (Verfasst von)
Format: Buch
Sprache:Englisch
Veröffentlicht: New York : John Wiley & Sons, 1993
Tags: Tag hinzufügen
Keine Tags, Fügen Sie das erste Tag hinzu!

MARC

LEADER 00000nam a22000003a 4500
001 stu22901
005 20190206124509.5
008 941123s1993----xxu-----------------eng-d
020 |a 0-471-59979-4 
040 |a STU  |b slo 
041 0 |a eng 
044 |a xxu 
080 |a 546 
100 1 |a Brady, James E  |4 aut 
245 1 |a Chemistry :  |b The Study of Matter and Its Changes /  |c [aut.]Brady,James E., Holum,John R 
260 |a New York :  |b John Wiley & Sons,  |c 1993 
300 |a 796 s :  |b Obr.,tab.,grafy,lit.,index 
700 1 |a Holum, John R  |4 aut 
996 |b C93266  |c C*93266  |l CCVI  |s P  |a 0  |w stu22901_0001